00525nam a2200205 a 4500001001300000003000900013005001700022008004100039020000800080082001600088100001800104245001900122260005400141300000800195500003500203505002000238650002700258650001600285700001800301nice12345678IN_TiNIC20260116011741.0050524s1973 hyda grp 000 0 urd  ac200a891.41bABI aAbid Ansari,  aNaghmat-E-abid aHyderabad bMarkazi Anjuman Taleemus Salat c1973 a96p aincludes index and biblioraphy2 areference index aPhilosophy-Greek-Plato aUrdu-Poetry1 aAbid Ansari,